000 00929njm a22002657a 4500
005 20100920142324.0
007 sd ammalaaahaa
008 100913t xxu||||| |||| 00| 0 hin d
028 _aSELP 1016 A
_bSUPER
035 _aGR-03644
040 _aSED
_cSED
100 _aIshaque, H M
_91184
245 _aBalidaan /
_cby H M Ishaque
_h[sound recording] :
246 _aबलिदान
260 _aDum Dum India
_bSUPER
_c1984
300 _a1 sound disc [Gramophone record] :
_banalog, 33 1/3 rpm
_c12.5 in. (LP)
_fGramophone Record
500 _aBrief Record
500 _aRecord label :SUPER, Red
505 _aSide-1 (Aaja ek ho na) (Kishore Kumar) Side-2 (Puri kachori rasgula) (S Janaki)
600 _aIshaque, H M
_920778
650 _aHindi Films songs
_920784
_xExcerpts
_zIndia
700 _920804
942 _2ddc
_cGR
999 _c47035
_d47035